SALES MANAGEMENT (Record no. 24950)
[ view plain ]
| 000 -LEADER | |
|---|---|
| fixed length control field | 00330nam a2200133Ia 4500 |
| 008 - FIXED-LENGTH DATA ELEMENTS--GENERAL INFORMATION | |
| fixed length control field | 240624s9999 xx 000 0 und d |
| 041 ## - LANGUAGE CODE | |
| Language code of text/sound track or separate title | eng |
| 082 ## - DEWEY DECIMAL CLASSIFICATION NUMBER | |
| Classification number | 658.81 MAL |
| 100 ## - MAIN ENTRY--PERSONAL NAME | |
| Personal name | MALLIK PRADIP KUMAR |
| 245 ## - TITLE STATEMENT | |
| Title | SALES MANAGEMENT |
| 260 ## - PUBLICATION, DISTRIBUTION, ETC. | |
| Date of publication, distribution, etc. | 2014 |
| Place of publication, distribution, etc. | New Delhi |
| Name of publisher, distributor, etc. | Oxford |
| 300 ## - PHYSICAL DESCRIPTION | |
| Extent | xvi, : 492 : p. : cm. ; 26 |
| 365 ## - TRADE PRICE | |
| Currency code | RS |
| Price amount | 31 |
| Withdrawn status | Lost status | Damaged status | Not for loan | Home library | Current library | Shelving location | Date acquired | Source of acquisition | Cost, normal purchase price | Total Checkouts | Full call number | Barcode | Date last seen | Date last checked out | Copy number | Price effective from | Koha item type |
|---|---|---|---|---|---|---|---|---|---|---|---|---|---|---|---|---|---|
| IMTN | IMTN | Rack 36-A | 09/30/2015 | WBD | 365.00 | 1 | 658.81 MAL | 24950 | 09/11/2024 | 08/30/2024 | 1 | 06/24/2024 | Books |